Normal view
MARC view
- BERRY, ANTHONY J , BERRY, ANTHONY J , OTLEY, DAVID
Entry Personal Name
001 - CONTROL NUMBER
- control field: 67363
003 - CONTROL NUMBER IDENTIFIER
- control field: NUST
005 - DATE AND TIME OF LATEST TRANSACTION
- control field: 20210628203811.0
008 - FIXED-LENGTH DATA ELEMENTS
- fixed length control field: 210628|| aca||aabn | a|a d
040 ## - CATALOGING SOURCE
- Original cataloging agency: NUST
- Transcribing agency: NUST
100 ## - HEADING--PERSONAL NAME
- Personal name: BERRY, ANTHONY J , BERRY, ANTHONY J , OTLEY, DAVID
670 ## - SOURCE DATA FOUND
- Source citation: Work cat.: (NUST): BERRY, ANTHONY J , BERRY, ANTHONY J , OTLEY, DAVID, MANAGEMENT CONTROL , THEORIES, ISSUES AND PRACTICES, 1995
